000 06492nam a22007577a 4500
001 B-261666-706
003 dpl
005 20080602112520.0
006 a|||||r|||||00| 0
007 ta
008 080602t xxu||||| |||| 00| 0 eng d
010 _aB-261666-706
020 _a8188370746
_c150.00
035 _aB-261666-706
037 _a4044 dt/ 21.4.2008
_bGoodwill Pub. House/21.4.08/11/8.4.08/19.5.08/115.00/
040 _aDPL
_bEN
082 _a525 / COO
100 _aCoote, Roger
245 _aThe earth/
_cby Roger Coote
260 _aNew Delhi
_bYoung Learner Publications
_c(200?)
270 _aG-1, Rattan Jyoti, 18 Rajendra Place,
_bNew Delhi
_e110008
300 _a32p.:
_bcol. photos
_c27cm.(Hb)+CD-ROM
490 _aKnowledge masters
942 _2ddc
_cCH
_h525 / COO
999 _c13135
_d13135